Commentary on the Criminal Procedure Act / (Record no. 560)

MARC details
000 -LEADER
fixed length control field 00413nam a22001457a 4500
005 - DATE AND TIME OF INPUT
control field 20231113112920.0
008 - DATA ELEMENTS--GENERAL INFORMATION
fixed length control field 231113b |||||||| |||| 00| 0 eng d
041 ## - LANGUAGE CODE
Language code of text English
082 ## - SHELF NUMBER
DDC number 345.5 COM
100 ## - MAIN AUTHOR
Language of a work English
245 ## - TITLE STATEMENT
Title Commentary on the Criminal Procedure Act /
Statement of responsibility, etc. Du Toit et al.
300 ## - PHYSICAL DESCRIPTION
Other physical details iv, 358 pages ;
Dimensions 27 cm.
650 ## - SUBJECT`
Broad subject Legal practice
Own subject terms Law
942 ## - ADDED ENTRY ELEMENTS (KOHA)
Item type Books
942 ## - ADDED ENTRY ELEMENTS (KOHA)
-- ALISON_BN_VRIES
Holdings
Source of classification or shelving scheme Volume number (bound volume or other part) Not for loan Collection code Home library Current library Shelving location Date acquired Full call number Barcode Price effective from Koha item type
Dewey Decimal Classification Volume 2   TEXT BOOKS LAW SOCIETY OF NAMIBIA LIBRARY - WINDHOEK LAW SOCIETY OF NAMIBIA LIBRARY - WINDHOEK Criminal law and procedures 11/13/2023 345.5 COM LSN/2014/3 11/13/2023 Books
Dewey Decimal Classification Supplementary Volume     LAW SOCIETY OF NAMIBIA LIBRARY - WINDHOEK LAW SOCIETY OF NAMIBIA LIBRARY - WINDHOEK   11/13/2023 345.5 COM LSN/2005/4 11/13/2023 Books